Teatro [vol. 2] (Record no. 105682)

MARC details
000 -LEADER
campo de control de longitud fija 00761nam a2200241 i 4500
001 - NÚMERO DE CONTROL
campo de control 105682
003 - IDENTIFICADOR DE NÚMERO DE CONTROL
campo de control ES-MaACL
007 - CAMPO FIJO DE DESCRIPCIÓN FÍSICA--INFORMACIÓN GENERAL
campo de control de longitud fija t|
008 - DATOS DE LONGITUD FIJA--INFORMACIÓN GENERAL
campo de control de longitud fija 060807s1959 ag ||||1| spa d
080 ## - NÚMERO DE LA CLASIFICACIÓN DECIMAL UNIVERSAL
Número de la Clasificación Decimal Universal 821.134.2-2"19"
100 1# - ENTRADA PRINCIPAL--NOMBRE DE PERSONA
Nombre de persona Grau, Jacinto,
Fechas asociadas al nombre 1877-1958
9 (RLIN) 59732
245 10 - MENCIÓN DEL TÍTULO
Título Teatro [vol. 2]
Resto del título : En el infierno se están mudando ; Tabarín ; Bibí Carabé /
Mención de responsabilidad, etc. Jacinto Grau.
260 ## - PUBLICACIÓN, DISTRIBUCIÓN, ETC.
Lugar de publicación, distribución, etc. Buenos Aires :
Nombre del editor, distribuidor, etc. Losada,
Fecha de publicación, distribución, etc. [1959]
300 ## - DESCRIPCIÓN FÍSICA
Extensión 279 p. ;
Dimensiones 21 cm.
490 1# - MENCIÓN DE SERIE
Mención de serie Gran teatro del mundo
500 ## - NOTA GENERAL
Nota general Biblioteca Juan Andrade.
740 0# - ENTRADA AGREGADA--TÍTULO RELACIONADO/ANALÍTICO NO CONTROLADO
Título relacionado o analítico no controlado En el infierno se están mudando.
740 0# - ENTRADA AGREGADA--TÍTULO RELACIONADO/ANALÍTICO NO CONTROLADO
Título relacionado o analítico no controlado Tabarín.
740 0# - ENTRADA AGREGADA--TÍTULO RELACIONADO/ANALÍTICO NO CONTROLADO
Título relacionado o analítico no controlado Bibí Carabé.
830 00 - PUNTO DE ACCESO ADICIONAL DE SERIE-TÍTULO UNIFORME
Título uniforme Gran teatro del mundo (Losada)
9 (RLIN) 184853
852 ## - LOCALIZACIÓN
Ubicación ES-MaACL
Número de control de estantería AND-495
Sublocalización o colección R.109808
Holdings
Estatus retirado Estado de pérdida Estado de daño No para préstamo Biblioteca de origen Biblioteca actual Ubicación en estantería Fecha de adquisición Fuente de adquisición Total de préstamos Signatura topográfica completa Código de barras Visto por última vez Precio de reemplazo Tipo de ítem Koha
        Biblioteca del Ateneo de Madrid Biblioteca del Ateneo de Madrid Depósito 2 17/01/2008     AND-495 1110334 23/02/2023 23/02/2023 Libro impreso